000 00686nam a2200181Ia 4500
008 100920s9999 xx 000 0 und d
082 _b51567
_a891.464 थ 87
100 _aसंपादक-सामंत बाळ आणि मंत्री रमेश.
245 _aअशी असतात एकेक माणसं.
260 _bरोहन प्रकाशन, मुंबई 64.
_c1987
300 _a167
_bसाधी
365 _b48
520 _aनिबंध.
630 _aअशी असतात एकेक माणसं.
650 _aनिबंध.
730 _aअशी असतात एकेक माणसं.
942 _cBOOK
999 _c697282
_d697279